000 00268nam a22001217a 4500
082 _a543 TEC'G
100 _aGRIFFIN, R.C
_956969
245 _aTECHNICAL METHODS OF ANALYSIS
250 _a2ND
260 _aNEWYORK
_bMCGRAW HILL
_c1927
300 _a936P
942 _cBK
999 _c567293
_d567293